La producción campesina de alimentos y el desarrollo económico del istmo centroamericano: su promoción ante las políticas macroeconómicas y sectoriales /
Se realiza un análisis de las condiciones del sector agropecuario en Centroamérica. Primero se revisa el nivel de pobreza en el sector; después se desarrolla la importancia del fomento a la producción campesina, y su relación con la seguridad alimentaria y el desarrollo global; seguido se aborda el...
Zapisane w:
| 1. autor: | |
|---|---|
| Format: | Książka |
| Język: | Spanish |
| Hasła przedmiotowe: | |
| Etykiety: |
Dodaj etykietę
Nie ma etykietki, Dołącz pierwszą etykiete!
|
MARC
| LEADER | 00000nam a22000007a 4500 | ||
|---|---|---|---|
| 003 | cru CIDCACS/IIS | ||
| 005 | 20200925161128.0 | ||
| 007 | ta | ||
| 008 | 161020t1989 cr ||||| |||| 00| 0 spa d | ||
| 999 | |c 18634 |d 18634 | ||
| 040 | |c CRAI/IIS |a CRAI/IIS | ||
| 100 | 1 | |9 217 |a Pira, Lars | |
| 245 | 1 | 3 | |a La producción campesina de alimentos y el desarrollo económico del istmo centroamericano: |b su promoción ante las políticas macroeconómicas y sectoriales / |c Lars Pira |
| 300 | |a páginas 237-266: |b tablas | ||
| 520 | |a Se realiza un análisis de las condiciones del sector agropecuario en Centroamérica. Primero se revisa el nivel de pobreza en el sector; después se desarrolla la importancia del fomento a la producción campesina, y su relación con la seguridad alimentaria y el desarrollo global; seguido se aborda el entorno macroeconómico y las políticas sectoriales en la promoción del desarrollo rural; posteriormente se explica la relación entre costos y productividad; y finalmente se argumenta la importancia del mercado regional para inducir mayores niveles de productividad y eficiencia en la producción de alimentos básicos. Propone que es necesario una política que incremente el acceso del campesino a la tierra, a los recursos técnicos y crediticios, con el objetivo que estos puedan ser más eficientes en su producción. | ||
| 650 | 1 | 0 | |9 2023 |a POLITICA AGRARIA |
| 650 | 1 | 0 | |9 630 |a SEGURIDAD ALIMENTARIA |
| 650 | 1 | 0 | |9 624 |a CAMPESINADO |
| 650 | 1 | 0 | |9 284 |a POBREZA |
| 650 | 1 | 0 | |9 1123 |a DESARROLLO RURAL |
| 651 | 1 | 0 | |9 128 |a AMERICA CENTRAL |
| 773 | 0 | |0 18627 |9 68 |a Lundahl, Mats |d San José, Costa Rica: Editorial DEI, 1989 |o 17678 |t Crisis económica en Centroamérica y El Caribe / |z 9977830045 | |
| 942 | |2 ddc |c LI | ||



